|
|
|
|
| LEADER |
00600cam a2200157 7i4500 |
| 001 |
0000025819 |
| 005 |
20110201090000.0 |
| 090 |
0 |
0 |
|a MAT 610.284
|b MAL
|
| 110 |
2 |
0 |
|a Malaysia External Trade Development Corporation (MATRADE)
|
| 245 |
2 |
0 |
|a The Medical device industry in South Africa :
|b product market study 2010.
|
| 260 |
0 |
0 |
|a Johannesburg:
|b MATRADE Johannesburg,
|c 2010.
|
| 300 |
# |
# |
|a 17 p.
|
| 440 |
0 |
0 |
|a Product market study : 2010
|
| 650 |
0 |
0 |
|a Medical instruments and apparatus --
|x Markets --
|x South Africa
|
| 651 |
0 |
0 |
|a South Africa
|
| 999 |
|
|
|a 0000027827
|b Book
|c MATRADEs Collection
|e Business Information Centre
|